Proceedings of the International Conference on Teaching, Learning and Technology (ICTLT 2023).

Bibliographic Details
Main Author: Wulandari, Medita Ayu.
Other Authors: Wardani, Duhita Savira., Hendriyanto, Agus., Sutinah, Cucun., Rahayu, Galih Dani Septiyan., Murni, Sukma., Fardian, Dilham., Sahara, Sani., Muhaimin, Lukman Hakim., Pauji, Ikbal.
Format: eBook
Language:English
Published: Paris : Atlantis Press (Zeger Karssen), 2024.
Edition:1st ed.
Series:Advances in Social Science, Education and Humanities Research Series
Subjects:
Online Access:Click to View
LEADER 02024nam a22004813i 4500
001 EBC31281807
003 MiAaPQ
005 20240729202206.0
006 m o d |
007 cr cnu||||||||
008 240729s2024 xx o ||||0 eng d
020 |a 9782384762064  |q (electronic bk.) 
020 |z 9782384762057 
035 |a (MiAaPQ)EBC31281807 
035 |a (Au-PeEL)EBL31281807 
040 |a MiAaPQ  |b eng  |e rda  |e pn  |c MiAaPQ  |d MiAaPQ 
050 4 |a L1-991 
100 1 |a Wulandari, Medita Ayu. 
245 1 0 |a Proceedings of the International Conference on Teaching, Learning and Technology (ICTLT 2023). 
250 |a 1st ed. 
264 1 |a Paris :  |b Atlantis Press (Zeger Karssen),  |c 2024. 
264 4 |c Ã2024. 
300 |a 1 online resource (313 pages) 
336 |a text  |b txt  |2 rdacontent 
337 |a computer  |b c  |2 rdamedia 
338 |a online resource  |b cr  |2 rdacarrier 
490 1 |a Advances in Social Science, Education and Humanities Research Series ;  |v v.825 
588 |a Description based on publisher supplied metadata and other sources. 
590 |a Electronic reproduction. Ann Arbor, Michigan : ProQuest Ebook Central, 2024. Available via World Wide Web. Access may be limited to ProQuest Ebook Central affiliated libraries.  
655 4 |a Electronic books. 
700 1 |a Wardani, Duhita Savira. 
700 1 |a Hendriyanto, Agus. 
700 1 |a Sutinah, Cucun. 
700 1 |a Rahayu, Galih Dani Septiyan. 
700 1 |a Murni, Sukma. 
700 1 |a Fardian, Dilham. 
700 1 |a Sahara, Sani. 
700 1 |a Muhaimin, Lukman Hakim. 
700 1 |a Pauji, Ikbal. 
776 0 8 |i Print version:  |a Wulandari, Medita Ayu  |t Proceedings of the International Conference on Teaching, Learning and Technology (ICTLT 2023)  |d Paris : Atlantis Press (Zeger Karssen),c2024  |z 9782384762057 
797 2 |a ProQuest (Firm) 
830 0 |a Advances in Social Science, Education and Humanities Research Series 
856 4 0 |u https://ebookcentral.proquest.com/lib/matrademy/detail.action?docID=31281807  |z Click to View